000 01600cam a2200337 i 4500
001 40926
003 Mx-PuUPA
005 20230210073105.0
008 140415s2015 mx d gr 001 0 spa d
020 _a9786074389081
040 _erda
_aMX-PuUPA
_bspa
_cMx-PuUPA
_dMx-PuUPA
041 0 _aspa
100 1 _aGarcía Hernández, Ana Elizabeth,
_eautor
_97329
245 1 0 _aEcuaciones diferenciales :
_buna nueva visión /
_cAna Elizabeth García Hernández, David Reich.
250 _aPrimera edición
264 1 _aAzcapotzalco, México, D.F. :
_bGrupo Editorial Patria,
_c2015
300 _ax, 387 páginas :
_bgráficos, diagramas ;
_c27 cm.
_e1 disco de computadora (4 3/4 pulg.)
336 _atexto
_2rdacontent
_btxt
336 _aimagen en movimiento bidimensional
_2rdacontent
_btxt
337 _asin medio
_2rdamedia
_bn
337 _asin medio
_2rdamedia
_bn
338 _avolumen
_2rdacarrier
_bnc
338 _adisco compacto
_2rdacarrier
_bnc
538 _iRequisitos mínimos:
_aSistema operativo: Windows XP/vista/7/8. Mac 0SX 10.4 o superior. Procesador: Intel Core2 Duo o superior. Memoria RAM de al menos 1 GB. CD-ROM y tarjeta de video capaz de desplegar miles de colores. Resolución mínima de 1024x768 pix. Adobe Acrobat Reader 6.0 o superior. Flash Player 10.0 o superior.
650 7 _aEcuaciones diferenciales
_vProblemas , ejercicios, etc.
_2armarc
700 1 _aReich, David,
_eautor
942 _2ddc
_cLI
_h515.35076
_iG212
999 _c40926
_d40926